Lectures on modern economic theory, (Record no. 85761)
[ view plain ]
| 000 -LEADER | |
|---|---|
| fixed length control field | 00601cam a2200217 4500 |
| 001 - CONTROL NUMBER | |
| control field | sa 68014407 |
| 003 - CONTROL NUMBER IDENTIFIER | |
| control field | DLC |
| 005 - DATE AND TIME OF LATEST TRANSACTION | |
| control field | 20260227112631.0 |
| 008 - FIXED-LENGTH DATA ELEMENTS--GENERAL INFORMATION | |
| fixed length control field | 700204s1967 ii a 00110 eng |
| 010 ## - LIBRARY OF CONGRESS CONTROL NUMBER | |
| LC control number | sa 68014407 //r86 |
| 025 ## - OVERSEAS ACQUISITION NUMBER | |
| Overseas acquisition number | PL480:I-E-10672 |
| 050 0# - LIBRARY OF CONGRESS CALL NUMBER | |
| Classification number | HB171 |
| Item number | .M487 1967 |
| 082 ## - DEWEY DECIMAL CLASSIFICATION NUMBER | |
| Classification number | 330 |
| 100 10 - MAIN ENTRY--PERSONAL NAME | |
| Personal name | Mehta, J. K. |
| Fuller form of name | (Jamshed Kaikhusroo), |
| Dates associated with a name | 1901- |
| 245 10 - TITLE STATEMENT | |
| Title | Lectures on modern economic theory, |
| Statement of responsibility, etc. | by J. K. Mehta. |
| 250 ## - EDITION STATEMENT | |
| Edition statement | [3d ed.] |
| 260 0# - PUBLICATION, DISTRIBUTION, ETC. | |
| Place of publication, distribution, etc. | Allahabad, |
| Name of publisher, distributor, etc. | Chaitanya Pub. House, |
| Date of publication, distribution, etc. | 1967. |
| 300 ## - PHYSICAL DESCRIPTION | |
| Extent | vii, 304 p. |
| Other physical details | illus. |
| Dimensions | 22 cm. |
| 350 ## - PRICE (NR) (BK AM CF MU VM SE) [OBSOLETE] | |
| Price | 10.50 |
| 650 #0 - SUBJECT ADDED ENTRY--TOPICAL TERM | |
| Topical term or geographic name entry element | Economics. |
No items available.